000 00780nam a22001577a 4500
999 _c60819
_d60819
005 20231025113056.0
008 231025s1978 ru ||||| |||| 00| 0 rus d
041 _arus
080 _a75(470) П -71
100 _aПредтеченская, Л. М.
_920241
245 _a Изучение художественной культуры в курсах новой и новейшей истории :
_b из опыта работы /
_cЛ. М. Предтеченская.
264 _aМосква :
_bПросвещение,
_c1978.
300 _a180 стр.:
_bил. ;
_c22 см.
653 _aმხატვრული კულტურის შესწავლა თანამედროვე ისტორიის კურსებზე
942 _2udc
_cBK